| 000 | 00733nam a2200229 a 4500 | ||
|---|---|---|---|
| 005 | 20241012064000.0 | ||
| 008 | 070122s2005 mx r 000 0 spa d | ||
| 020 | _a8449316952 | ||
| 035 | _aUPN01000148752 | ||
| 049 | _aCG | ||
| 050 | 4 |
_aHQ782 _bG6.3 |
|
| 100 | 1 | _aGoldberg, Sally | |
| 245 | 1 | 0 |
_a50 actividades educativas para desarrollar las habilidades de tu hijo / _cSally Goldberg ; tr. Esther González Arqué. |
| 260 |
_aBarcelona, Esp. : _bPaidós, _c2005. |
||
| 300 |
_a258 p. : _bil. |
||
| 440 | 0 |
_aGuías para padres ; _v82 |
|
| 534 |
_pTítulo original: _tBaby and toddler learning fun |
||
| 650 | 4 |
_aJuegos educativos _93952 |
|
| 650 | 7 |
_aActividades recreativas _2 _9147 |
|
| 905 | _aLibro | ||
| 999 |
_c120893 _d120893 |
||